The Hidden navy/ (Record no. 1298)

000 -LEADER
fixed length control field 00413nam a2200157 4500
008 - FIXED-LENGTH DATA ELEMENTS--GENERAL INFORMATION
fixed length control field 200120b ||||| |||| 00| 0 eng d
020 ## - INTERNATIONAL STANDARD BOOK NUMBER
International Standard Book Number 0241023521
082 00 - DEWEY DECIMAL CLASSIFICATION NUMBER
Classification number 359.10942
Item number B486
100 ## - MAIN ENTRY--PERSONAL NAME
9 (RLIN) 886
Personal name Berckman, Evelyn
245 10 - TITLE STATEMENT
Title The Hidden navy/
250 ## - EDITION STATEMENT
Edition statement 2nd ed.
260 ## - PUBLICATION, DISTRIBUTION, ETC. (IMPRINT)
Place of publication, distribution, etc London:
Name of publisher, distributor, etc Hamilton,
Date of publication, distribution, etc 1973
300 ## - PHYSICAL DESCRIPTION
Extent xiv, 159 p.
650 #0 - SUBJECT ADDED ENTRY--TOPICAL TERM
Topical term or geographic name as entry element Armed Forces--Sea life
942 ## - ADDED ENTRY ELEMENTS (KOHA)
Source of classification or shelving scheme
Item type Books
Holdings
Withdrawn status Lost status Source of classification or shelving scheme Damaged status Not for loan Permanent location Current location Date acquired Full call number Barcode Date last seen Koha item type
          IMU Kolkata IMU Kolkata 1975-09-04 359.10942 B486 04337 2020-01-20 Books
Designed and Maintained by IMU-KC Library, Kolkata Campus © Copyright All Rights Reserved

webs counters

Powered by Koha